000 00956nam a2200277 i 4500
003 DO-SdBNP
005 20250227073855.0
007 ta
008 250114b2015 dr ||||| |||| 00| 0 spa d
020 _a9789945589276
040 _aDO-SdBNP
_bspa
_cBNPHU
_erda
082 4 _222
_axxxx
_bA347p
100 1 _aAlcántara Almánzar, José
_d1946-
_eautor
_4aut.
_97018
245 1 0 _aPalabras andariegas :
_bescritos sobre literatura y arte /
_cJosé Alcántara Almánzar
250 _aSegunda edición
264 _aSanto Domingo :
_bEditora Santuario,
_c2015
300 _a229 páginas ;
_c23 cm.
336 _atexto
_btxt
_2rdacontent
337 _asin mediación
_bn
_2rdamedia
338 _avolumen
_bnc
_2rdacarrier
500 _aIncluye datos biográficos del autor en la solapa de la cubierta
500 _aIncluye referencias bibliográficas y notas al pie de las páginas
590 _aInventariado, 2025/BT
910 _aBtavárez
942 _2ddc
_cLBS1
999 _c58048
_d58048